| 000 | 00659pam a2200229 a 4500 | ||
|---|---|---|---|
| 008 | |||
| 020 | _a0521423554 (pbk.) | ||
| 049 | _aMAIN | ||
| 050 | 0 | 0 | _aQR56 POS |
| 100 | 1 | _aPostgate, J. R. | |
| 245 | 1 | 0 |
_aMicrobes and man / _cJohn Postgate. |
| 250 | _a3rd ed. | ||
| 260 |
_aCambridge ; _aNew York : _bCambridge University Press, _c1992. |
||
| 300 |
_axi, 297 p. _bill. ; _c22 cm. |
||
| 504 | _aIncludes bibliographical references and index. | ||
| 650 | 0 |
_aMicrobiology _xPopular works. |
|
| 907 |
_a.b10227623 _b07-06-07 _c26-01-07 |
||
| 003 | |||
| 005 | 20230120203951.0 | ||
| 040 | _cNUST | ||
| 942 | _cBOOKS | ||
| 999 |
_c114744 _d114744 |
||